000
00293nam a22001337a 4500
020
_a
817826308-4
082
_a
823
_b
COL/P
100
_a
CARLO COLLODI
245
_a
PINOCCHIO
260
_a
DELHI
_b
ROHAN BOOK COMPANY
_c
2003
300
_a
224
650
_a
MODERN ILLUSTRATED CLASSICS
942
_c
BK
999
_c
326
_d
326